Sports Quiz

Random Sports or Football Quiz

Redsox spring training roster Quiz Stats

 Plays Quiz not verified by Sporcle

Challenge
Share
Tweet
Embed
Score 0/40 Timer 08:00
0 Plays Today
#(number) player % Correct
2Jacoby Ellsbury
80.5%
15Dustin Pedroia
78%
19Josh Beckett
78%
34David Ortiz
78%
20Kevin Youkilis
73.2%
33Jason Varitek
70.7%
31Jon Lester
68.3%
58Jonathan Papelbon
68.3%
7JD Drew
68.3%
49Tim Wakefield
63.4%
16Marco Scutaro
63.4%
23Mike Cameron
63.4%
18Daisuke Matsuzaka
61%
40John Lackey
58.5%
25Mike Lowell
58.5%
51Daniel Bard
56.1%
11Clay Buchholz
56.1%
41Victor Martinez
53.7%
29Adrian Beltre
53.7%
12Jed Lowrie
51.2%
#(number) player % Correct
37Hideki Okajima
46.3%
48Scott Atchison
43.9%
17Manny Delcarmen
41.5%
71Ramon A. Ramirez
34.1%
56Ramon Ramirez
34.1%
80Dusty Brown
34.1%
22Bill Hall
34.1%
68Josh Reddick
31.7%
76Jose Iglesias
29.3%
81Mark Wagner
26.8%
64Michael Bowden
19.5%
73Felix Doubront
19.5%
63Junichi Tazawa
19.5%
32Jeremy Hermida
19.5%
30Boof Bonser
17.1%
79Dustin Richardson
17.1%
75Aaron Bates
14.6%
59Fabio Castro
12.2%
89Gaby Hernandez
2.4%
70Tug Hutlett
2.4%

You're not logged in!

Compare scores with friends on all Sporcle quizzes.
Join for Free
OR
Log In

You Might Also Like...

Show Comments

Extras

Top Quizzes Today


Score Distribution

Your Account Isn't Verified!

In order to create a playlist on Sporcle, you need to verify the email address you used during registration. Go to your Sporcle Settings to finish the process.

Report this User

Report this user for behavior that violates our Community Guidelines.

Details: